| 000 | 00000nam 2200000zi 4500 |
| 001 | 9.925330 |
| 003 | CaOODSP |
| 005 | 20241203113656 |
| 006 | m o d f |
| 007 | cr bn||||||||| |
| 008 | 230719e199105##onc ob f000 0 eng d |
| 040 | |aCaOODSP|beng|erda|cCaOODSP |
| 043 | |an-cn--- |
| 086 | 1 |aEn4-565/1991E-PDF |
| 110 | 2 |aProctor & Redfern Limited.|econsultant. |
| 245 | 10|aAtlantic Canada high level PCB destruction program preliminary siting study / |cprepared for: Environment Canada; prepared by: Proctor & Redfern Limited, Washburn & Gillis Associates Ltd, Griffiths Muecke Associates. |
| 264 | 1|aHamilton, Ontario : |bProctor & Redfern Limited, |cMay 1991. |
| 300 | |a1 online resource (67 pages) |
| 336 | |atext|btxt|2rdacontent |
| 337 | |acomputer|bc|2rdamedia |
| 338 | |aonline resource|bcr|2rdacarrier |
| 500 | |aDigitized edition from print [produced by Environment and Climate Change Canada]. |
| 504 | |aIncludes bibliographical references (pages 64-65). |
| 520 | |a"In October 1989 the Federal Environment Minister and the Environment Ministers of the four Atlantic provinces announced that a mobile incinerator would be situated in the Atlantic Region by 1992. A Memorandum of Understanding (MOU), between the four Atlantic provinces and the federal government regarding the High Level Destruction Program was signed on August 22, 1990"--Introduction, page 1. |
| 650 | 0|aPolychlorinated biphenyls|xEnvironmental aspects|zAtlantic Provinces. |
| 650 | 0|aHazardous waste sites|xEnvironmental aspects|zAtlantic Provinces. |
| 650 | 6|aBiphényles polychlorés|xAspect de l'environnement|zProvinces de l'Atlantique. |
| 650 | 6|aDépôts de déchets dangereux|xAspect de l'environnement|zProvinces de l'Atlantique. |
| 710 | 1 |aCanada. |bEnvironment Canada, |eissuing body. |
| 856 | 40|qPDF|s1.73 MB|uhttps://publications.gc.ca/collections/collection_2024/eccc/en4/En4-565-1991-eng.pdf |
| 986 | |aEO 91600 |